000
00318nam a2200121Ia 4500
008
220216s9999 xx 000 0 und d
100
_a
Mc Lellan J
245
0
_a
Fighting vehicles - are they rubbers most demanding users ?
260
_b
Rubber Developments
_c
1970
300
_a
24-27
650
_a
Rubber
942
_c
JS
999
_c
59396
_d
59396